Joueurs portugais sélectionnés à l'Euro 2024 - Statistiques

Statistiques générales
  • Ce quiz a été pris 90 fois
  • Le résultat moyen est 21 sur 27
Statistiques - réponses
Poste Club Numéro Joueur % Correct
Attaquant Al-Nassr (Arabie Saoudite) 7 Cristiano Ronaldo
100%
Milieu de terrain Manchester City (Angleterre) 10 Bernardo Silva
95%
Milieu de terrain Paris Saint-Germain (France) 23 Vitinha
94%
Attaquant Paris Saint-Germain (France) 9 Gonçalo Ramos
92%
Milieu de terrain Benfica (Portugal) 15 João Neves
92%
Attaquant AC Milan (Italie) 17 Rafael Leão
92%
Défenseur Benfica (Portugal) 24 António Silva
91%
Défenseur Paris Saint-Germain (France) 19 Nuno Mendes
91%
Défenseur Manchester City (Angleterre) 4 Rúben Dias
90%
Milieu de terrain Al-Hilal (Arabie Saoudite) 18 Rúben Neves
90%
Milieu de terrain Manchester United (Angleterre) 8 Bruno Fernandes
89%
Défenseur FC Porto (Portugal) 3 Pepe
86%
Gardien FC Porto (Portugal) 22 Diogo Costa
82%
Attaquant Liverpool (Angleterre) 21 Diogo Jota
82%
Attaquant FC Barcelone (Espagne) 11 João Félix
81%
Gardien AS Rome (Italie) 1 Rui Patrício
78%
Défenseur Manchester United (Angleterre) 5 Diogo Dalot
75%
Gardien Wolverhampton (Angleterre) 12 José Sá
73%
Milieu de terrain Paris Saint-Germain (France) 13 Danilo Pereira
67%
Défenseur FC Barcelone (Espagne) 20 João Cancelo
67%
Défenseur Wolverhampton (Angleterre) 2 Nélson Semedo
67%
Sélectionneur - - Roberto Martínez
56%
Défenseur Sporting CP (Portugal) 14 Gonçalo Inácio
54%
Milieu de terrain Manchester City (Angleterre) 16 Matheus Nunes
53%
Milieu de terrain Fulham (Angleterre) 6 João Palhinha
49%
Attaquant FC Porto (Portugal) 26 Francisco Conceição
42%
Milieu de terrain Wolverhampton (Angleterre) 25 Pedro Neto
32%
Aucun quiz correspondant
Distribution des résultats
% des personnes avec chaque résultat
Percentile par nombre de réponses
Votre historique - résultats
Vous n’avez pas pris ce quiz